000 00885nam a2200277 i 4500
001 bg
100 1 _aKuczmaszewski, Józef
_d(1951- ).
245 1 0 _aFundamentals of metal-metal adhesive joint design /
_cJózef Kuczmaszewski ; [transl. by Tomasz Bylica ; Politechnika Lubelska].
260 _aLublin :
_bLublin University of Technology :
_bPolish Academy of Sciences. Lublin Branch,
_c2006.
300 _a208 s. :
_bil. ;
_c25 cm.
504 _aBibliogr. przy rozdz.
546 _aTł. z pol.
650 9 _aAdhezja
650 9 _aMetale
_xtechnologia
650 9 _aPołączenia klejowe
_xbadanie
700 1 _aBylica, Tomasz.
_eTł.
015 _aPB 1910/2008
020 _a8389293110
040 _cBPK
041 1 _aeng
_dKOSZ005
_hpol
044 _aPOL
080 _a621.791/.795
920 _a83-89293-11-0
942 _cKS
008 070419s2006 pl a |000 0 eng
999 _c55043
_d55043
856 _uhttp://koha.tu.koszalin.pl/cgi-bin/koha/opac-detail.pl?biblionumber=55043
_yKatalog online BPK